Statistics for 3-Letter Scrabble Words that start with "G"

Click here to take the quiz!

General Stats

  • This quiz has been taken 445 times
  • The average score is 35 of 45

Answer Stats

Answer % Correct
get
96%
gap
95%
gas
95%
got
93%
gab
92%
gat
92%
gay
92%
gal
91%
gam
90%
gad
90%
gar
89%
gin
89%
gem
89%
gan
88%
god
88%
gag
88%
gel
87%
gun
87%
git
87%
gut
86%
gob
85%
gen
85%
gip
84%
gum
84%
gib
81%
gee
81%
gae
79%
gig
78%
ged
78%
gid
76%
gor
75%
gos
75%
guy
72%
goy
72%
gey
72%
goo
71%
gie
67%
goa
65%
gul
61%
gox
61%
guv
56%
gym
45%
gyp
38%
gnu
32%
ghi
31%

Score Distribution

Percentile by Number Answered

Percent of People with Each Score

Your Score History

You have not taken this quiz